| 000 | 00680nas a2200229 4500 | ||
|---|---|---|---|
| 001 | BR2018000294 | ||
| 003 | BR-BrBNA | ||
| 005 | 20231205131227.0 | ||
| 007 | ta | ||
| 008 | 230509b bl.|||p| |||| 00| 00por d | ||
| 040 |
_aBR-BrBNA _bpor _cBiblioteca Nacional de Agricultura |
||
| 041 | _a(En) | ||
| 072 | _aF70 | ||
| 100 | 1 | _aRodrigues, R.S. | |
| 245 | 1 | _aGeneric additions to the Rapateaceae of Rondonia, Brazil | |
| 650 | _aTAXONOMIA VEGETAL | ||
| 650 | _aMONOCOTILEDONEA | ||
| 650 | _aRONDONIA | ||
| 773 | 0 |
_tActa Amazônica (Brazil) _xISSN 0044-5967 _g(Jun 2017), v. 47(2) p. 95-102 _wBR2018000294 |
|
| 909 |
_a202311 _bLúcia _c55 _dLúcia Elande |
||
| 942 |
_2AGRIS _n0 _cANA |
||
| 999 |
_c253673 _d253673 |
||